Statistics for Canadian Cities By Province #2

Click here to take the quiz!

General Stats

  • This quiz has been taken 11 times
  • The average score is 13 of 15

Answer Stats

CityProvince / Territory% Correct
KingstonOntario
100%
VaughanOntario
100%
TerrebonneQuebec
100%
Red DeerAlberta
91%
KamloopsBritish Columbia
91%
St. John'sNewfoundland and Labrador
91%
IqaluitNunavut
91%
SaguenayQuebec
91%
DrummondvilleQuebec
91%
Moose JawSaskatchewan
82%
Port AlberniBritish Columbia
73%
EdmundstonNew Brunswick
73%
Corner BrookNewfoundland and Labrador
73%
Flin FlonManitoba
64%
WinklerManitoba
45%

Score Distribution

Percentile by Number Answered

Percent of People with Each Score

Your Score History

You have not taken this quiz